Auswanderungen Spanien - Statistiken

Allgemein
  • Dieses Quiz wurde 80 mal gespielt
  • Das Durchschnittsergebnis liegt bei 20 aus 25
Antwortstatistiken
Platz Land Anzahl % Korrekt
4. Deutschland 146.846
99%
2. Frankreich 273.290
94%
10. Vereinigtes Königreich 81.519
94%
7. Mexiko 108.314
93%
8. Vereinigte Staaten 103.474
93%
1. Argentinien 404.111
91%
17. Niederlande 21.974
91%
18. Italien 20.898
90%
5. Brasilien 117.523
88%
9. Schweiz 103.247
88%
13. Belgien 53.212
87%
12. Chile 56.104
84%
14. Kolumbien 30.683
84%
3. Venezuela 188.585
84%
23. Schweden 15.390
82%
19. Peru 19.668
81%
11. Uruguay 63.827
79%
21. Australien 18.353
75%
22. Costa Rica 16.482
74%
6. Kuba 108.858
72%
24. Panama 12.375
69%
16. Russland 27.027
66%
20. Dominikanische Republik 18.928
54%
15. Andorra 24.485
51%
25. Vereinigte Arabische Emirate 12.000
29%
Keine übereinstimmenden Quizze gefunden
Verteilung der Resultate
Anzahl Personen mit jedem Resultat
Perzentil nach korrekt beantworteten Fragen
Ihre Resultats-Entwicklung
Sie haben dieses Quiz noch nicht gespielt